000 00769cas a2200241 a 4500
003 OSt
005 20210306183127.0
008 051020c20019999ck arzp rnn 0 a0spa d
022 _a1657-3986
040 _aCO-JMCR
_cCO-JMCR
041 0 _aspa
_beng
082 0 4 _a150.1952 /
_bD449d
_221
245 0 0 _aDesde el jardín de Freud :
_brevista de psicoanálisis /
_cUniversidad Nacional de Colombia
260 _aBogotá :
_bUniversidad Nacional de Colombia,
_c2001-
300 _av. ;
_c22 cm
310 _aAnual,
_b2001-
362 0 _aNo. 3 (2003)-
500 _aDescripción basada en: No. 3 (2003).
600 1 4 _aFreud, Sigmund
_d1856-1939
_xCrítica e Interpretación
_914492
650 2 4 _aPsicoanálisis
_91281
650 2 4 _aPsicología
_914493
942 _2ddc
_cCR
999 _c7478
_d7478